[Event "Campeonato de España sub-14 2011"]
[Site "Padron ESP"]
[Date "2011.07.17"]
[Round "9.7"]
[White "Bru Rullo, Llatzer"]
[Black "Lopez Caudevilla, David"]
[Result "1/2-1/2"]
[WhiteElo "1971"]
[BlackElo "1851"]
[PlyCount "96"]
[EventDate "2011.07.12"]
[EventType "swiss"]
[EventRounds "9"]
[EventCountry "ESP"]
[Source "lmi"]
[SourceDate "2011.07.12"]

1. e4 d6 2. d4 Nf6 3. Nc3 g6 4. f4 Bg7 5. Nf3 O-O 6. Bd3 Nc6 7. e5 dxe5 8. fxe5
Nd5 9. Nxd5 Qxd5 10. c3 Bg4 11. O-O Rad8 12. Qe1 h5 13. Kh1 Bxf3 14. Rxf3 Na5
15. Bg5 Rde8 16. Qf1 f6 17. exf6 Qxg5 18. fxg7 Kxg7 19. Re1 Rxf3 20. Qxf3 Rf8
21. Qe4 Rf2 22. b4 Nc6 23. d5 Nd8 24. Qd4+ Rf6 25. Rxe7+ Nf7 26. h4 Qg3 27. Re6
Qf2 28. Qxf2 Rxf2 29. Re7 Kf6 30. Re6+ Kg7 31. Bxg6 Nd8 32. Re8 Kxg6 33. Rxd8
Rc2 34. d6 cxd6 35. Rxd6+ Kf5 36. Rd7 Rxc3 37. a4 Rb3 38. Rxb7 a6 39. Kh2 Ra3
40. b5 Rxa4 41. b6 Rb4 42. Rb8 Kg6 43. b7 Kg7 44. Kg3 a5 45. Ra8 Rxb7 46. Rxa5
Kg6 47. Ra6+ Kg7 48. Kf4 Rb4+ 1/2-1/2

[Event "Campeonato de España sub-14 2011"]
[Site "Padron ESP"]
[Date "2011.07.17"]
[Round "9.8"]
[White "Martin Garcia, Guillermo"]
[Black "Kalynovsky, Martin"]
[Result "1-0"]
[WhiteElo "1955"]
[BlackElo "1712"]
[PlyCount "121"]
[EventDate "2011.07.12"]
[EventType "swiss"]
[EventRounds "9"]
[EventCountry "ESP"]
[Source "lmi"]
[SourceDate "2011.07.12"]

1. e4 c5 2. c3 Nf6 3. e5 Nd5 4. d4 cxd4 5. cxd4 Nc6 6. Nf3 d6 7. Bc4 Nb6 8. Bb3
dxe5 9. d5 Na5 10. Nc3 Nxb3 11. Qxb3 g6 12. Nxe5 Bg7 13. Bf4 O-O 14. O-O Bf5
15. Rfd1 g5 16. Bg3 h5 17. h3 h4 18. Bh2 Rc8 19. f4 gxf4 20. Bxf4 Qd6 21. Re1
Bxe5 22. Bxe5 Qg6 23. Kh1 Kh7 24. Qd1 Rg8 25. Qf3 Nc4 26. Qf2 Qh5 27. Bd4 e6
28. Ne4 Kh6 29. Nf6 Qg5 30. Nxg8+ Rxg8 31. Be3 Nxe3 32. Qxe3 Qxe3 33. Rxe3 exd5
34. Re7 Be4 35. Rg1 Rg3 36. Kh2 f5 37. Rxb7 d4 38. Rxa7 d3 39. b4 Bc6 40. Ra6
Rg6 41. b5 Bxb5 42. Rxg6+ Kxg6 43. g3 hxg3+ 44. Kxg3 Bc4 45. a3 Kf6 46. Kf4 Bb3
47. Rg2 Ba4 48. h4 Bc6 49. Rd2 Bb5 50. h5 Bc4 51. a4 Ba6 52. a5 Bc4 53. Rh2 Kg7
54. Kxf5 Kh6 55. Ke4 Ba6 56. Rd2 Kxh5 57. Rxd3 Kg5 58. Rd5+ Kg4 59. Kd4 Kf4 60.
Rd6 Bb7 61. a6 1-0

[Event "Campeonato de España sub-14 2011"]
[Site "Padron ESP"]
[Date "2011.07.17"]
[Round "9.9"]
[White "Jane Besora, Jordi"]
[Black "Martin Perez, Laura"]
[Result "0-1"]
[WhiteElo "1801"]
[BlackElo "1946"]
[PlyCount "72"]
[EventDate "2011.07.12"]
[EventType "swiss"]
[EventRounds "9"]
[EventCountry "ESP"]
[Source "lmi"]
[SourceDate "2011.07.12"]

1. b3 e5 2. Bb2 Nc6 3. e3 Nf6 4. Bb5 Bd6 5. Bxc6 dxc6 6. d3 Bg4 7. Nf3 Qe7 8.
Nbd2 O-O-O 9. O-O Kb8 10. h3 Bh5 11. c4 Bb4 12. g4 Nxg4 13. hxg4 Bxg4 14. Ne4
f5 15. Ng3 e4 16. Nxf5 Bxf5 17. Nh2 Qh4 18. Be5 Rxd3 19. Bg3 Qf6 20. Qh5 Qg6
21. Qh4 Bd6 22. Rfe1 Qf6 23. Qh5 Bg6 24. Qg4 h5 25. Qh4 Qxh4 26. Bxh4 Bf5 27.
Rac1 Be5 28. Nf1 Bg4 29. Ng3 Bf3 30. Nf5 g5 31. Bg3 Bc3 32. Rf1 h4 33. Bh2 Be2
34. Rxc3 Bxf1 35. Be5 Rxc3 36. Bxc3 Rf8 0-1

[Event "Campeonato de España sub-14 2011"]
[Site "Padron ESP"]
[Date "2011.07.17"]
[Round "9.10"]
[White "Garriga Cazorla, Pere"]
[Black "Gonzalez Santamartina, Jorge"]
[Result "1-0"]
[WhiteElo "1931"]
[BlackElo "1733"]
[PlyCount "107"]
[EventDate "2011.07.12"]
[EventType "swiss"]
[EventRounds "9"]
[EventCountry "ESP"]
[Source "lmi"]
[SourceDate "2011.07.12"]

1. Nf3 d5 2. g3 e6 3. Bg2 Nf6 4. O-O Bd6 5. d3 O-O 6. Nbd2 c5 7. e4 dxe4 8.
dxe4 Nc6 9. Qe2 Bc7 10. c3 b6 11. Rd1 Bb7 12. Nf1 Qe8 13. Bg5 Nd7 14. Qd2 Nde5
15. Nxe5 Nxe5 16. f4 Ng6 17. f5 exf5 18. exf5 Bxg2 19. Qxg2 Ne5 20. f6 Qc6 21.
Qxc6 Nxc6 22. fxg7 Kxg7 23. Ne3 Ne5 24. Kg2 f6 25. Bf4 Rad8 26. Nf5+ Kf7 27.
Bxe5 Bxe5 28. Kf3 Ke6 29. Ne3 Rxd1 30. Rxd1 Rf7 31. h3 Rg7 32. g4 Rd7 33. Rxd7
Kxd7 34. Ke4 Ke6 35. Nd5 Bb8 36. c4 Be5 37. b3 Bb8 38. Ne3 Be5 39. Nc2 Bc3 40.
a3 a6 41. a4 Be5 42. Ne3 Bc7 43. Nd5 Bd8 44. Nf4+ Kd6 45. Kf5 Ke7 46. Ne6 b5
47. axb5 axb5 48. Nxd8 bxc4 49. bxc4 Kxd8 50. Kxf6 Kc7 51. h4 Kb6 52. Ke5 Ka5
53. Kd5 Kb4 54. g5 1-0

[Event "Campeonato de España sub-14 2011"]
[Site "Padron ESP"]
[Date "2011.07.17"]
[Round "9.11"]
[White "Martin Prior, Francisco Jose"]
[Black "Marchena Hurtado, Javier"]
[Result "1-0"]
[WhiteElo "1776"]
[BlackElo "1961"]
[PlyCount "139"]
[EventDate "2011.07.12"]
[EventType "swiss"]
[EventRounds "9"]
[EventCountry "ESP"]
[Source "lmi"]
[SourceDate "2011.07.12"]

1. d4 d5 2. c4 c6 3. Nc3 Nf6 4. Nf3 dxc4 5. a4 Bf5 6. Ne5 Nbd7 7. Nxc4 Nb6 8.
Ne5 a5 9. f3 Nfd7 10. e4 Nxe5 11. exf5 Ned7 12. Qb3 g6 13. Bd3 Bg7 14. Be3 gxf5
15. Bxf5 e6 16. Bd3 Nf6 17. O-O-O Nfd5 18. Bf2 Qg5+ 19. Kb1 O-O-O 20. Ne4 Qe7
21. Nc5 Nb4 22. Bc4 Nxc4 23. Qxc4 Qg5 24. Bg3 Qd5 25. Qxd5 Rxd5 26. Ne4 Rhd8
27. Bh4 R8d7 28. Bf6 Bf8 29. g4 b6 30. Nc3 Kb7 31. h4 Bh6 32. Nxd5 Nxd5 33. Be5
Be3 34. Rd3 Bf2 35. Rf1 Bxh4 36. Rh1 Bg5 37. Rxh7 b5 38. axb5 cxb5 39. f4 Bd8
40. g5 Kc8 41. Rg3 Bc7 42. g6 fxg6 43. Rxd7 Kxd7 44. Rxg6 Bxe5 45. fxe5 Nf4 46.
Rg8 Ne2 47. Rg2 Nf4 48. Rc2 a4 49. Rc5 Ne2 50. Rxb5 Nxd4 51. Rc5 Nb3 52. Rc3
Na5 53. Ka2 Nc6 54. Ka3 Nxe5 55. Kxa4 Kd6 56. b4 Nd7 57. Ka5 e5 58. b5 e4 59.
Rc1 Ke5 60. Rd1 Nc5 61. b6 e3 62. Kb5 Nb7 63. Rd7 Nd6+ 64. Kc6 Nc4 65. b7 Na5+
66. Kc5 Nxb7+ 67. Rxb7 Ke4 68. Kc4 e2 69. Re7+ Kf3 70. Kc5 1-0

[Event "Campeonato de España sub-14 2011"]
[Site "Padron ESP"]
[Date "2011.07.17"]
[Round "9.12"]
[White "Montoya Pecurul, Marc"]
[Black "Forsberg Conde, Martin"]
[Result "1/2-1/2"]
[WhiteElo "1796"]
[BlackElo "2076"]
[PlyCount "111"]
[EventDate "2011.07.12"]
[EventType "swiss"]
[EventRounds "9"]
[EventCountry "ESP"]
[Source "lmi"]
[SourceDate "2011.07.12"]

1. e4 e5 2. Nf3 Nc6 3. Bb5 a6 4. Ba4 Nf6 5. O-O b5 6. Bb3 Bc5 7. Re1 d6 8. c3
O-O 9. h3 Bb6 10. d4 exd4 11. cxd4 Re8 12. Bc2 h6 13. a3 Bb7 14. Nc3 Ne7 15.
Be3 Ng6 16. d5 Bxe3 17. Rxe3 Ne5 18. Nxe5 Rxe5 19. f4 Re7 20. Qd4 Qd7 21. Kh2
Rae8 22. g4 c6 23. dxc6 Bxc6 24. Rg1 Nh7 25. Bb3 Qb7 26. Nd5 Bxd5 27. Bxd5 Qa7
28. Qxa7 Rxa7 29. g5 hxg5 30. fxg5 g6 31. Rc3 Nf8 32. Rf1 Ne6 33. h4 Kg7 34.
Rf6 Nc5 35. Rcf3 Ree7 36. Re3 Rad7 37. Kg3 Na4 38. b4 Nb6 39. Rd3 Nxd5 40. exd5
Re4 41. Rf4 Rde7 42. Rxe4 Rxe4 43. Rc3 Rd4 44. Rc6 Rxd5 45. Rxa6 Kf8 46. Kf3
Ke7 47. Ke4 Rd1 48. Rb6 Ra1 49. Rxb5 Rxa3 50. Kd5 Rd3+ 51. Ke4 Rh3 52. Kd5 Rd3+
53. Ke4 Rd2 54. Rb8 Rh2 55. Kd5 Rd2+ 56. Ke4 1/2-1/2

[Event "Campeonato de España sub-14 2011"]
[Site "Padron ESP"]
[Date "2011.07.17"]
[Round "9.13"]
[White "Garcia Gracia, Victor Hugo"]
[Black "Fernandez Cano, Victor"]
[Result "0-1"]
[WhiteElo "1919"]
[BlackElo "1766"]
[PlyCount "90"]
[EventDate "2011.07.12"]
[EventType "swiss"]
[EventRounds "9"]
[EventCountry "ESP"]
[Source "lmi"]
[SourceDate "2011.07.12"]

1. e4 c5 2. Nf3 Nc6 3. d4 cxd4 4. Nxd4 g6 5. Nc3 Bg7 6. Be3 Nf6 7. f4 d6 8. Be2
Qa5 9. O-O O-O 10. Nb3 Qd8 11. Qd2 Be6 12. f5 Bd7 13. Bh6 Ne5 14. h3 Bc6 15.
Bxg7 Kxg7 16. Qf4 a6 17. g4 b5 18. g5 Nfd7 19. Qh4 b4 20. Nd5 Bxd5 21. exd5
Qb6+ 22. Kg2 Rac8 23. Nd4 Qb7 24. fxg6 hxg6 25. Qh6+ Kg8 26. Rf4 Qxd5+ 27. Kg3
f6 28. Bf3 Qf7 29. Rh4 Qg7 30. Qxg7+ Kxg7 31. Ne6+ Kg8 32. Nxf8 Rxf8 33. Bd5+
Kg7 34. gxf6+ Nxf6 35. Be6 Nh5+ 36. Rxh5 gxh5 37. Bd5 Rc8 38. Bb3 Rf8 39. Bd5
Kh6 40. Rd1 Kg5 41. h4+ Kh6 42. Rd4 a5 43. a3 bxa3 44. bxa3 Rc8 45. c4 Rb8 0-1

[Event "Campeonato de España sub-14 2011"]
[Site "Padron ESP"]
[Date "2011.07.17"]
[Round "9.14"]
[White "Rodriguez Rodriguez, Alvaro"]
[Black "Pozanco Romasanta, Marc"]
[Result "1-0"]
[WhiteElo "1782"]
[BlackElo "1916"]
[PlyCount "43"]
[EventDate "2011.07.12"]
[EventType "swiss"]
[EventRounds "9"]
[EventCountry "ESP"]
[Source "lmi"]
[SourceDate "2011.07.12"]

1. e4 e6 2. d4 c5 3. Nf3 cxd4 4. Nxd4 Nf6 5. Nc3 Nc6 6. Ndb5 Bb4 7. Bf4 Nxe4 8.
Qf3 d5 9. O-O-O Bxc3 10. Nc7+ Kf8 11. bxc3 Qe7 12. c4 Rb8 13. cxd5 exd5 14.
Nxd5 Bg4 15. Nxe7 Bxf3 16. Nxc6 Bxd1 17. Nxb8 Ke7 18. f3 Nf2 19. Rg1 Rc8 20.
Bg3 g5 21. Bxf2 Rxc2+ 22. Kxd1 1-0

[Event "Campeonato de España sub-14 2011"]
[Site "Padron ESP"]
[Date "2011.07.17"]
[Round "9.15"]
[White "Garcia Martinez, Marcos"]
[Black "Abal Cores, Lucas"]
[Result "1/2-1/2"]
[WhiteElo "1757"]
[BlackElo "1815"]
[PlyCount "121"]
[EventDate "2011.07.12"]
[EventType "swiss"]
[EventRounds "9"]
[EventCountry "ESP"]
[Source "lmi"]
[SourceDate "2011.07.12"]

1. d4 d5 2. Nf3 Nf6 3. c4 e6 4. g3 Be7 5. Bg2 O-O 6. O-O c5 7. cxd5 Nxd5 8. e4
Nb6 9. Nc3 Nc6 10. dxc5 Bxc5 11. e5 Bd7 12. Bg5 Be7 13. Bxe7 Nxe7 14. Nd4 Qc7
15. Qe2 a6 16. Rac1 Bc6 17. Nxc6 Nxc6 18. Bxc6 Qxc6 19. Qe4 Rac8 20. Qxc6 Rxc6
21. f4 Rfc8 22. Ne2 Rc2 23. Rfd1 Nd5 24. Rxc2 Rxc2 25. Rc1 Rxc1+ 26. Nxc1 Ne3
27. Nd3 b6 28. Kf2 Ng4+ 29. Kg2 Kf8 30. h3 Ne3+ 31. Kf3 Nd5 32. Ke4 g6 33. g4
h6 34. h4 Ke7 35. a3 Kd7 36. f5 g5 37. hxg5 hxg5 38. Ne1 Nf4 39. Nf3 Nh3 40.
Nd2 Nf2+ 41. Kf3 Nd3 42. Ke4 Ne1 43. Nc4 exf5+ 44. Kxf5 b5 45. Nd6 Ke7 46. Ne4
Nd3 47. b4 Nb2 48. Nc5 Nc4 49. Nxa6 Nxa3 50. Kxg5 Ke6 51. Kf4 Nc2 52. Nc7+ Kd7
53. Nxb5 Nxb4 54. Kf5 Ke7 55. Nc7 Nd3 56. Nd5+ Kf8 57. Kf6 Nf2 58. g5 Ne4+ 59.
Kf5 Ng3+ 60. Kg4 Ne4 61. Kf5 1/2-1/2

[Event "Campeonato de España sub-14 2011"]
[Site "Padron ESP"]
[Date "2011.07.17"]
[Round "9.16"]
[White "Alonso Gorrin, Javier"]
[Black "Portela Peleteiro, Alberto"]
[Result "0-1"]
[WhiteElo "1920"]
[BlackElo "1681"]
[PlyCount "104"]
[EventDate "2011.07.12"]
[EventType "swiss"]
[EventRounds "9"]
[EventCountry "ESP"]
[Source "lmi"]
[SourceDate "2011.07.12"]

1. e4 c5 2. Nf3 e6 3. d4 cxd4 4. Nxd4 Nf6 5. Nc3 Nc6 6. Nxc6 bxc6 7. e5 Nd5 8.
Ne4 Qa5+ 9. Bd2 Qc7 10. f4 Qb6 11. c4 Qd4 12. Qb1 Ne3 13. Bc3 Qb6 14. Qd3 Ba6
15. b3 Ba3 16. Kd2 Nd5 17. Qf3 Nxc3 18. Kxc3 Be7 19. Bd3 f5 20. Nd6+ Bxd6 21.
exd6 Rb8 22. Rhd1 Kf7 23. Kc2 c5 24. Be2 Bb7 25. Qh5+ g6 26. Qh4 Qd8 27. Qf2
Be4+ 28. Bd3 Bxd3+ 29. Rxd3 Rc8 30. Re1 Rc6 31. Red1 Qf6 32. Re1 Rhc8 33. Re5
Kg7 34. h4 h5 35. Kd1 Qf8 36. Qd2 Qd8 37. g3 Ra6 38. a4 Kf7 39. Qf2 Qb6 40. Kc2
Rc6 41. Qd2 Qb8 42. Qc3 Qb7 43. Qd2 Qa8 44. Kb2 Qc8 45. Kc2 Qb7 46. Qf2 Qb6 47.
Qd2 Qb7 48. Qf2 Rxd6 49. Rxc5 Rxd3 50. Kxd3 Qxb3+ 51. Kd4 Rd6+ 52. Ke5 Ke7 0-1